Statistics for US States in 1861 with a Map

Click here to take the quiz!

General Stats

  • This quiz has been taken 1,339 times
  • The average score is 32 of 34

Answers on the Map

Answers color-coded by a green-red scale on the quiz's map according to % correct below.
 

Answer Stats

State% Correct
California
99%
Texas
99%
Florida
98%
New York
98%
Oregon
97%
Alabama
96%
Georgia
96%
Maine
96%
Michigan
96%
North Carolina
96%
South Carolina
96%
Virginia
96%
Kentucky
95%
Louisiana
95%
Ohio
95%
Rhode Island
95%
Mississippi
94%
New Jersey
94%
Pennsylvania
94%
Tennessee
94%
Vermont
94%
Arkansas
93%
Delaware
93%
Illinois
93%
Indiana
93%
Kansas
93%
Maryland
93%
Massachusetts
93%
Connecticut
92%
Minnesota
92%
New Hampshire
92%
Wisconsin
92%
Missouri
91%
Iowa
90%

Score Distribution

Percentile by Number Answered

Percent of People with Each Score

Your Score History

You have not taken this quiz